[Event "AUT-ch U12"]
[Site "St Veit"]
[Date "2021.10.25"]
[Round "1.1"]
[White "Feiertag, Jonas"]
[Black "Dotzer, Lukas"]
[Result "0-1"]
[WhiteElo "1257"]
[BlackElo "2042"]
[PlyCount "44"]
[EventDate "2021.10.25"]
[EventType "swiss"]
[EventRounds "5"]
[EventCountry "AUT"]
[SourceTitle "EXT 2023"]
[Source "ChessBase"]
[SourceDate "2022.10.05"]
[SourceVersion "1"]
[SourceVersionDate "2022.10.05"]
[SourceQuality "1"]

1. e4 c5 2. Nf3 e6 3. d4 cxd4 4. Nxd4 Nc6 5. Nc3 Qc7 6. Ndb5 Qb8 7. Be3 Nf6 8. f3 Be7 9. Qd2 a6 10. Nd4 b5 11. Nxc6 dxc6 12. a3 0-0 13. Qf2 b4 14. axb4 Qxb4 15. Rb1 Rb8 16. Bd2 Qd6 17. Bd3 e5 18. b3 Nh5 19. Ra1 Nf4 20. Bxf4 exf4 21. Bxa6 Ra8 22. Qe2 Bf6 0-1

[Event "AUT-ch U12 Online Rapid"]
[Site "Playchess.com INT"]
[Date "2020.12.13"]
[Round "7"]
[White "Feiertag, Jonas"]
[Black "Roehrer, Moritz"]
[Result "1-0"]
[WhiteElo "1498"]
[BlackElo "1538"]
[PlyCount "75"]
[EventDate "2020.12.13"]
[EventType "swiss (rapid)"]
[EventRounds "7"]
[EventCountry "AUT"]
[SourceTitle "EXT 2022"]
[Source "ChessBase"]
[SourceDate "2021.10.06"]
[SourceVersion "1"]
[SourceVersionDate "2021.10.06"]
[SourceQuality "1"]

1. e4 e6 2. d4 d5 3. exd5 exd5 4. Nc3 Nf6 5. Nf3 c6 6. Be3 Bf5 7. Bd3 Bxd3 8. Qxd3 Bd6 9. 0-0 0-0 10. Rfe1 Nbd7 11. Qd2 Bb4 12. Qd3 Qc7 13. a3 Bxc3 14. Qxc3 Ng4 15. h3 Nxe3 16. Rxe3 Rae8 17. Rae1 Nf6 18. Nd2 h6 19. Qd3 Rxe3 20. Rxe3 Qd7 21. Rg3 Re8 22. Nf3 Ne4 23. Ne5 Qf5 24. Rf3 Qg5 25. Nxf7 Qc1+ 26. Kh2 Qxb2 27. Rf4 Qb6 28. f3 Nf6 29. Nxh6+ gxh6 30. Qg6+ Kh8 31. Qxf6+ Kh7 32. Qf7+ Kh8 33. Qxe8+ Kg7 34. Qf7+ Kh8 35. Qf8+ Kh7 36. Rf7+ Kg6 37. Qg7+ Kh5 38. Qg4# 1-0

[Event "EU Union-ch U10 16th"]
[Site "Mureck"]
[Date "2018.08.07"]
[Round "7"]
[White "Feiertag, Jonas"]
[Black "Ernst, Robert"]
[Result "0-1"]
[WhiteElo "1234"]
[BlackElo "1239"]
[PlyCount "53"]
[EventDate "2018.08.01"]
[EventType "swiss"]
[EventRounds "9"]
[EventCountry "AUT"]
[SourceTitle "CBM 186 Extra"]
[Source "ChessBase"]
[SourceDate "2018.08.24"]
[SourceVersion "1"]
[SourceVersionDate "2018.08.24"]
[SourceQuality "1"]

1. e4 e5 2. Nf3 Nc6 3. Bc4 Bc5 4. 0-0 Nf6 5. Nc3 0-0 6. Nxe5 Nxe5 7. d4 Nxc4 8. dxc5 Re8 9. Qd4 Ne5 10. Bg5 h6 11. Bh4 Ng6 12. Bg3 b6 13. Rfe1 bxc5 14. Qxc5 d6 15. Qc4 Be6 16. Qd3 Ne5 17. Bxe5 dxe5 18. Nb5 Qxd3 19. cxd3 Rec8 20. Rec1 c6 21. Nd6 Rc7 22. Nb5 Rd7 23. Rxc6 Rxd3 24. Nc3 Rad8 25. Rc1 Nxe4 26. Rc7 Nxc3 27. R7xc3 0-1

[Event "AUT-ch U08"]
[Site "St Kanzian"]
[Date "2017.06.16"]
[Round "3.6"]
[White "Feiertag, Jonas"]
[Black "Kienboeck, Samuel"]
[Result "1/2-1/2"]
[WhiteElo "854"]
[BlackElo "1018"]
[PlyCount "84"]
[EventDate "2017.06.16"]
[EventType "swiss"]
[EventRounds "7"]
[EventCountry "AUT"]
[SourceTitle "EXT 2024"]
[Source "ChessBase"]
[SourceDate "2023.10.10"]
[SourceVersion "1"]
[SourceVersionDate "2023.10.10"]
[SourceQuality "1"]

1. d4 d5 2. c4 e6 3. Nc3 Nf6 4. Nf3 Be7 5. Bf4 Bd7 6. e3 Bb4 7. Be2 0-0 8. 0-0 Bc6 9. a3 Bxc3 10. bxc3 Ne4 11. Ne5 Nxc3 12. Nxc6 Nxc6 13. Qc2 Nxe2+ 14. Qxe2 g5 15. Qg4 f6 16. Qxe6+ Kh8 17. Bg3 h5 18. h3 h4 19. Bh2 dxc4 20. Qxc4 Na5 21. Qc3 c6 22. d5 Qxd5 23. Rad1 Qf5 24. Bd6 Rf7 25. Rfe1 Rd8 26. e4 Qe6 27. Bc7 Rxd1 28. Rxd1 Rxc7 29. Rd8+ Kh7 30. Qxa5 b6 31. Qd2 Qxe4 32. Rd7+ Rxd7 33. Qxd7+ Kh6 34. f3 Qe1+ 35. Kh2 Qg3+ 36. Kg1 c5 37. Qxa7 c4 38. Qxb6 c3 39. Qe3 Qc7 40. Qc1 c2 41. a4 Qc5+ 42. Kf1 Qc4+ 1/2-1/2